| Tag |
First Indicator |
Second Indicator |
Subfields |
| LEADER |
00000cam a2200000 a 4500 |
| 001 |
in00001494539 |
| 005 |
20151021075518.0 |
| 008 |
810820s1980 yu b 000 0cscc d |
| 035 |
|
|
|a (OCoLC)07685625
|
| 035 |
|
|
|9 AJH9693AM
|
| 040 |
|
|
|a WAU
|c WAU
|d TXA
|d UtOrBLW
|
| 043 |
|
|
|a e-yu---
|
| 049 |
|
|
|a TXAM
|
| 090 |
|
|
|a PG34.K58
|b K66
|
| 245 |
0 |
0 |
|a Kopitar i Vuk /
|c urednik Dragan Lakićević ; priredio Golub Dobrašinović.
|
| 264 |
|
1 |
|a Beograd :
|b Rad,
|c 1980.
|
| 300 |
|
|
|a 195 pages ;
|c 20 cm.
|
| 336 |
|
|
|a text
|b txt
|2 rdacontent
|
| 337 |
|
|
|a unmediated
|b n
|2 rdamedia
|
| 338 |
|
|
|a volume
|b nc
|2 rdacarrier
|
| 500 |
|
|
|a In Serbo-Croatian (Cyrillic).
|
| 504 |
|
|
|a Includes bibliographical references.
|
| 600 |
1 |
0 |
|a Kopitar, Bartholomäus,
|d 1780-1844.
|
| 600 |
1 |
0 |
|a Karadžić, Vuk Stefanović,
|d 1787-1864.
|
| 650 |
|
0 |
|a Slavists
|z Yugoslavia
|x Biography.
|
| 700 |
1 |
|
|a Lakićević, Dragan,
|d 1954-
|
| 700 |
1 |
|
|a Dobrašinović, Golub.
|
| 948 |
|
|
|a c:ml
|
| 999 |
|
|
|a MARS
|
| 999 |
f |
f |
|s 8f650b20-a901-390f-b6e9-3662cf87a976
|i 0e8590e7-c007-3ed3-b9fa-adf382d885dd
|t 0
|
| 952 |
f |
f |
|p ric
|a Texas A&M University
|b Rellis Campus
|c Joint Library Facility
|d Remote Storage
|t 0
|e PG34.K58 K66
|h Library of Congress classification
|i unmediated -- volume
|m A14825108503
|
| 998 |
f |
f |
|a PG34.K58 K66
|t 0
|l Remote Storage
|